000 00325nam a22001337a 4500
020 _qHB.
040 _cFIZZA ISHAQ
082 _a551.307
_bPHI
100 _aCOUSSOT, PHILIPPE.
_986785
245 _aMUDFLOW GEOLOGY AND DUMMIES /
_cPHILIPPE COUSSOT.
260 _aNEW YORK :
_c1997.
300 _a255 P. ;
942 _2ddc
_cBK
999 _c587413
_d587413